Cantones de Suiza - Estadísticas

Estadísticas generales
  • Esta prueba ha sido intentada 1.394 veces
  • La puntuación promedio es 12 de 26
Respuestas en el mapa
Las respuestas están codificadas por una escala verde-roja en el mapa de la prueba según el % correcto abajo.
 
Estadísticas de respuestas
Cantón % Correcto
Berna
93%
Zúrich
92%
Ginebra
86%
Friburgo
51%
Tesino
50%
Valais
50%
Neuchâtel
49%
Jura
48%
Grisones
47%
Vaud
46%
Basilea-Ciudad
45%
Uri
45%
Zug
44%
Argovia
42%
San Galo
42%
Basilea-Campiña
41%
Schwyz
39%
Luzerna
36%
Schaffhausen
36%
Turgovia
36%
Obwalden
35%
Glaris
34%
Nidwalden
33%
Appenzell Rodas Exteriores
31%
Soleura
31%
Appenzell Rodas Interiores
30%
No se encontraron pruebas coincidentes
Distribución de puntuación
Porcentaje de gente con cada puntuación
Porcentaje por número respondido
Historial de tus puntuaciones
No has intentado esta prueba.